| 000 | 00927nam a22002295i 4500 | ||
|---|---|---|---|
| 001 | 166260 | ||
| 003 | ES-MaACL | ||
| 005 | 20260201063018.0 | ||
| 008 | 940301s1845 sp |||| | spa d | ||
| 040 |
_aAS _bspa |
||
| 100 | 1 |
_aThiers, Adolphe, _d1797-1877 _9173508 |
|
| 245 | 1 | 0 |
_aRevolución francesa / _cpor M.A. Thiers. |
| 250 | _aNueva ed. | ||
| 260 |
_aMadrid : _bEstablecimiento Tipográfico de D.F. de P. Mellado, editor, _c1845. |
||
| 300 |
_a6 v. ; _c17 cm. |
||
| 490 | 1 | _aBiblioteca popular económica | |
| 510 | 4 |
_aPalau, _cXXIII, 331636 |
|
| 597 | _aT. I. (XXXV, 434 p.) -- t. II. (587 p.) -- t. III. (587 p.) -- t. IV. (581 p.) -- t. V. (715 p.) -- t. VI. (512 p.) | ||
| 830 | 0 |
_aBiblioteca popular económica _9222542 |
|
| 852 |
_aES-MaACL _jF-9349-9354 _z-- Enc. pasta española _x-- Edic.: En la antep. de estos tomos consta la serie como: "Biblioteca popular" |
||
| 999 |
_c166260 _d166260 |
||